00521nam a22001457a 4500003000900000005001700009007000300026008004100029040002500070082001400095100003500109245015700144260005400301300002000355DO-SdBNP20221018141257.0ta110301s2017 dr 000 0 spa d aDO-SdBNPbspacBNPHU 4axxxxbxxx aSánchez Roa, Adriano,d1956-10aProyecto de ley general del sector agropecuario y el desarrollo rural :biniciativa legislativa elaborada y sometida al senado /cAdriano Sánchez Roa  aSanto Domingo :bSenado de la República,c2017. a44 p. :c28 cm.